000 01829nab a2200301 a 4500
005 20220221090946.0
008 991125s1985 mx 000 0 spa u
035 _aUPN01000209654
049 _aART
100 1 _aVelasco Matus, Pedro Wolfgang
100 1 _uvelasco.matus@gmail.com
100 1 _aRivera Aragón, Sofía
100 1 _usofiar@unam.mx
100 1 _aDíaz Loving, Rolando
_928003
100 1 _aReyes Lagunes, Isabel
222 0 _aPSICOLOGIA IBEROAMERICANA
245 0 0 _aConstrucción y validación de una escala de locus de control-bienestar subjetivo
260 _aMéxico
300 _a45-54
362 0 _a2015 Volumen 23, número 2, julio-diciembre
520 3 _aPor lo general, las personas desarrollan la creencia de que se puede tener cierto control sobre lo que sucede en la vida y, en caso de no poder, la creencia radica entonces en la posibilidad de atribuir tales causas a factores ajenos, situación a la que Rotter (1966) llamó locus de control. Vinculando esto al estudio del bienestar subjetivo, Diener (2009) plantea una línea de investigación: conocer si las causas de bienestar son internas o externas. Utilizando como punto de partida el locus de control, este estudio tuvo como objetivo construir una escala válida y confiable que evalúe las causas del bienestar subjetivo en una muestra de mexicanos (n = 470). Se obtuvo una escala final de 40 reactivos (distribuidos en siete factores) con buenas propiedades psicométricas (Alpha de Cronbach = 0.95, 51.1% de varianza total explicada). Los resultados se contrastan con otro tipo de escalas de locus de control
653 0 _aBIENESTAR SUBJETIVO
653 0 _aLOCUS DE CONTROL
653 0 _aPSICOMETRIA
653 0 _aVALIDACION
856 4 _uhttp://www.redalyc.org/articulo.oa?id=133944231006
905 _aArticulo
999 _c181755
_d181755